| 000 | 00663nam a2200229 a 4500 | ||
|---|---|---|---|
| 005 | 20210219152933.0 | ||
| 008 | 991125n 000 0 eng u | ||
| 035 | _aUPN01000067696 | ||
| 100 | _aMaxon, Antonia Brancia | ||
| 222 | _aLANGUAGE, SPEECH AND HEARING SERVICE IN SCHOOLS | ||
| 245 | _aClassroom amplification use : a national long-term study | ||
| 300 | _a242-253 | ||
| 362 | _a1991 22, no. 4 | ||
| 653 | 0 | _aCAMBIO EDUCATIVO | |
| 653 | 0 | _aDETERIORO DEL OIDO | |
| 653 | 0 | _aPRESENCIA DEL SIDA | |
| 653 | 0 | _aUTILIZACION DEL EQUIPO | |
| 700 | _aBrackett, Diane | ||
| 700 | _aBerg, Sjef A. van den | ||
| 904 |
_aAC _b005507 |
||
| 905 | _aArticulo | ||
| 999 |
_c64149 _d64149 |
||